000 00399nam a2200133Ia 4500
008 100328s9999 xx 000 0 und d
082 _b58177
100 _aधोंड मधुकर वासुदेव
245 _aचंद्र चवथिचा
260 _bमौज
630 _aचंद्र चवथिचा
730 _aचंद्र चवथिचा
942 _cBOOK
999 _c544539
_d544536